Statistics for Dallas City Trivia

Click here to take the quiz!

General Stats

  • This quiz has been taken 469 times
  • The average score is 12 of 20

Answer Stats

QuestionAnswer% Correct
What President was assassinated in Dallas on November 22, 1963?John F. Kennedy
98%
What is the Dallas-Fort Worth airport code?DFW
88%
What is the name of the NBA team of Dallas?Dallas Mavericks
84%
Who was the assassin of the above?Lee Harvey Oswald
83%
What major airlines are headquartered in the Dallas–Fort Worth metroplex?American Airlines
81%
What country was controlling the Dallas area when the city was established in 1841?Texas
77%
What major airlines are headquartered in the Dallas–Fort Worth metroplex?Southwest Airlines
73%
Who is the owner of the above?Mark Cuban
70%
In what city would you find the Texas Rangers ballpark?Arlington
67%
What is the most famous nickname of the NFL team Dallas Cowboys?America's Team
62%
What major oil company is headquartered in Irving?ExxonMobil
59%
Who killed the guy who shot that President?Jack Ruby
57%
What Dallas-native white rapper was briefly popular around 1990?Vanilla Ice
56%
What highly educated city is home to the headquarters of Dr Pepper and Frito-Lay?Plano
53%
Who is the leading actor in "Dallas Buyers Club"?Matthew McConaughey
52%
Around what affluent and feuding family does the soap opera "Dallas" revolve?The Ewing Family
37%
On what "holy" river is Dallas located?Trinity River
33%
What is the name of the 55-foot tall figure of the annual State Fair of Texas?Big Tex
31%
What was the first stadium the Cowboys played in?Cotton Bowl
29%
To what city is Dallas connected by Interstate 30?Little Rock
22%

Score Distribution

Percentile by Number Answered

Percent of People with Each Score

Your Score History

You have not taken this quiz